00888cam a2200277 a 45000010008000000030006000080050017000140080041000310100017000720200015000890400013001040420009001170500021001260820019001472450132001662460020002982500013003182600042003313000045003735040060004186500040004786500030005187000021005487000021005697000020005903554272GBCCL20241126110615.0970919s1996 at ab j be 001 0 eng  a 97198016  a0864501781 aDLCcDLC alcac00aG133b.E482 199600a910.3221bILL00aIllustrated guide to Countries of the world /c[writers, Philip Gardner ... et al. ; edited by Graham Bateman & Victoria Egan].30aWorld geography aRev. ed. aSurrey Hills, NSW :bRD Press,c1996. a512 p. :bcol. ill., col. maps ;c31 cm. aIncludes bibliographical references (p. 502) and index. 0aGeographyxEncyclopedias, Juvenile. 1aGeographyxEncyclopedias.1 aGardner, Philip.1 aBateman, Graham.1 aEgan, Victoria.